[Event "World Seniors"]
[Site "Arco ITA"]
[Date "2001.10.22"]
[Round "6"]
[White "Chernikov,O"]
[Black "Khanukov,B"]
[Result "1-0"]
[WhiteElo "2464"]
[BlackElo "2346"]

1.e4 g6 2.d4 Bg7 3.Nc3 d6 4.g3 Nf6 5.Bg2 O-O 6.Nge2 c6 7.O-O e5 8.h3 Re8
9.Be3 Na6 10.Re1 Qc7 11.Rb1 b5 12.b4 Be6 13.Nc1 Bc4 14.Bf1 Bxf1 15.Kxf1 Qd7
16.Kg2 exd4 17.Bxd4 Nc7 18.Nb3 Ne6 19.Be3 Qc7 20.Qd3 Nd7 21.f4 Nb6 22.Na5 Rad8
23.f5 Nf8 24.Bg5 f6 25.Bf4 g5 26.Be3 Nfd7 27.Ne2 d5 28.Nd4 Rxe4 29.Ne6 Rxe6
30.fxe6 Ne5 31.Qc3 Re8 32.Nb3 Rxe6 33.Nd4 Re7 34.Nf5 Re8 35.Bc5 Nbc4 36.Re2 Bf8
37.Qd4 Bxc5 38.Qxc5 Qb6 39.Qd4 Qxd4 40.Nxd4 Nd6 41.Rb3 Kf7 42.Ra3 Re7 43.Ra6 Rc7
44.a4 bxa4 45.Rxa4 Ke7 46.Rxa7 Kd7 47.Rxc7+ Kxc7 48.Ne6+ Kb6 49.Nxg5 fxg5
50.Rxe5 Kb5 51.Rxg5 Kxb4 52.Rh5 Nc4 53.Rxh7 Ne3+ 54.Kf3 Nxc2 55.h4 d4 56.h5 d3
57.Rd7 Kc4 58.h6 Nd4+ 59.Rxd4+  1-0

[Event "Lasker Autumn GM"]
[Site "Bucharest ROM"]
[Date "2001.10.23"]
[Round "11"]
[White "Parligras,M"]
[Black "Badea,B"]
[Result "1-0"]
[WhiteElo "2431"]
[BlackElo "2530"]

1.e4 g6 2.d4 Bg7 3.Nc3 d6 4.Be3 a6 5.f4 Nf6 6.Be2 e6 7.Bf3 c6 8.Qd2 e5 9.O-O-O exf4
10.Bxf4 O-O 11.Bh6 Qe7 12.h4 Bxh6 13.Qxh6 Ng4 14.Qd2 h5 15.g3 Kg7 16.Nh3 Rh8
17.Nf4 Nh6 18.e5 d5 19.Rdg1 Nd7 20.Nd1 f5 21.Ne3 Nf8 22.Rd1 b5 23.Nexd5 cxd5
24.Nxd5 Qf7 25.Nf4 Bb7 26.e6 Qc7 27.Bxb7 Qxb7 28.d5 Ng4 29.d6 Nh7 30.d7 Nhf6
31.e7 Nxd7 32.Qxd7 Qxd7 33.Rxd7 Rhe8 34.Ne6+ Kf7 35.Nc7 Nf6 36.Nxe8 Rxe8
37.Ra7 Ne4 38.Rg1 Nc5 39.Re1 b4 40.Re3 Ne4 41.a3 bxa3 42.Rxa3  1-0

[Event "Lasker Autumn GM"]
[Site "Bucharest ROM"]
[Date "2001.10.23"]
[Round "11"]
[White "Vajda,S"]
[Black "Manolache,M"]
[Result "0-1"]
[WhiteElo "2352"]
[BlackElo "2394"]

1.e4 g6 2.d4 d6 3.Nc3 Bg7 4.Nf3 Nd7 5.Bc4 e6 6.O-O Ne7 7.Be3 Nf6 8.h3 d5
9.exd5 exd5 10.Bd3 O-O 11.Bf4 c6 12.Re1 Nf5 13.Be5 Re8 14.Qd2 Bh6 15.Bf4 Bxf4
16.Qxf4 Qd6 17.Re5 Ng7 18.Rae1 Rf8 19.Qh4 Bd7 20.Nd1 Nfh5 21.g4 Qf6 22.gxh5 Qxf3
23.h6 Ne8 24.Kh2 Qf6 25.Qg3 Nd6 26.R1e3 Rae8 27.Rf3 Qd8 28.h4 Re6 29.Rxe6 Bxe6
30.h5 Ne4 31.Bxe4 dxe4 32.Rf4 Qxd4 33.Nc3 Bd5 34.Rg4 Re8 35.Ne2 Qe5 36.Nf4 e3
37.hxg6 hxg6 38.fxe3 Kh7 39.Qh4 Qxe3 40.Qf6 Qe5  0-1

[Event "Jonsson Mem Open"]
[Site "Reykjavik ISL"]
[Date "2001.10.23"]
[Round "1"]
[White "Gunnarsson,J"]
[Black "Baldursson,Hr"]
[Result "1-0"]
[WhiteElo "2386"]
[BlackElo "2129"]

1.e4 d6 2.d4 g6 3.Nc3 Bg7 4.f4 c6 5.Nf3 Bg4 6.Be2 Nh6 7.Be3 d5 8.e5 b5 9.Qd2 Nd7
10.O-O Nb6 11.b3 Nf5 12.Bf2 Bxf3 13.Bxf3 h5 14.g3 e6 15.Ne2 a5 16.Nc1 Nh6
17.Nd3 Qe7 18.Qc3 Qc7 19.Kg2 Bf8 20.h3 Nf5 21.Rh1 Be7 22.g4 Ng7 23.Nc5 Nd7
24.a4 b4 25.Qe3 Nxc5 26.dxc5 Qa7 27.Be2 Rb8 28.Bd3 Kd7 29.Rae1 Rbg8 30.Kf3 Ne8
31.f5 Nc7 32.f6 Bf8 33.g5 Na6 34.Bxa6 Qxa6 35.h4 Kc7 36.Qd4 Kb7 37.Rb1 Kc7
38.Be3 Qa7 39.Rhc1 Kd7 40.c3 Bxc5 41.Qxc5 Qxc5 42.Bxc5 bxc3 43.Rxc3 Rb8 44.b4 Rb7
45.Rcb3 Rhb8 46.Bd6 Rc8 47.bxa5 Rxb3+ 48.Rxb3 c5 49.Rb7+ Kc6 50.Rxf7  1-0

[Event "World Seniors"]
[Site "Arco ITA"]
[Date "2001.10.24"]
[Round "7"]
[White "Kruek,J"]
[Black "Dornieden,M"]
[Result "0-1"]
[WhiteElo "2040"]
[BlackElo "2293"]

1.e4 g6 2.d4 Bg7 3.Nc3 d6 4.Nf3 a6 5.Be3 Nf6 6.Bd3 O-O 7.O-O h6 8.e5 Ng4
9.Bf4 Nc6 10.h3 dxe5 11.d5 exf4 12.hxg4 Nb4 13.Bc4 c6 14.dxc6 Nxc6 15.g5 Qxd1
16.Raxd1 Bg4 17.gxh6 Bxc3 18.bxc3 Bxf3 19.gxf3 Rad8 20.Rxd8 Rxd8 21.Kg2 e6
22.Rh1 Kh7 23.Rh4 Ne5 24.Bb3 g5 25.Rh1 Ng6 26.Bc4 Nh4+ 27.Kh3 Kxh6 28.Bd3 Rc8
29.c4 Rc7 30.Rb1 f5 31.Rb6 Rc6 32.c5 Rxc5 33.Rxe6+ Kh5 34.Rb6 Nxf3 35.Rxb7 g4+
36.Kg2 Ne1+ 37.Kf1 Nxd3 38.cxd3 Rc1+ 39.Ke2 Rc2+ 40.Ke1 f3 41.a4 Re2+ 42.Kf1 Ra2
43.Ke1 Rxa4 44.Rb8 Kg5 45.Rc8 Ra1+ 46.Kd2 Rf1 47.Ke3 Re1+ 48.Kd4 Re2  0-1

[Event "Jonsson Mem Open"]
[Site "Reykjavik ISL"]
[Date "2001.10.24"]
[Round "2"]
[White "Arngrimsson,D"]
[Black "Olafsson,F"]
[Result "1/2-1/2"]
[WhiteElo "2060"]
[BlackElo "2460"]

1.e4 g6 2.d4 Bg7 3.Nc3 d6 4.Be3 a6 5.Qd2 Nd7 6.O-O-O b5 7.f3 Bb7 8.Kb1 Nb6
9.Qe1 e6 10.g4 Qe7 11.h4 Nf6 12.Nh3 Nfd7 13.Nf4 b4 14.Nce2 c5 15.Nd3 a5 16.Ndc1 d5
17.Ng3 O-O 18.h5 dxe4 19.fxe4 cxd4 20.Bxd4 Bxd4 21.Rxd4 Ne5 22.Be2 Qg5 23.Qf2 Rac8  1/2-1/2

[Event "Panormo Open"]
[Site "Crete GRE"]
[Date "2001.10.25"]
[Round "7"]
[White "Tzermiadianos,And"]
[Black "Khetsuriani,B"]
[Result "1/2-1/2"]
[WhiteElo "2439"]
[BlackElo "2411"]

1.e4 d6 2.d4 g6 3.Nc3 Bg7 4.f4 c6 5.Nf3 Qb6 6.Bc4 Nh6 7.h3 d5 8.Bb3 dxe4
9.Nxe4 Nf5 10.c3 O-O 11.O-O Qc7 12.Qe1 Nd6 13.Bd2 Nxe4 14.Qxe4 a5 15.a4 Qd8
16.Rae1 e6 17.Ne5 Nd7 18.Re2 Nf6 19.Qc2 Nd5 20.Ba2 Qc7 21.Kh1  1/2-1/2

[Event "World Seniors"]
[Site "Arco ITA"]
[Date "2001.10.26"]
[Round "9"]
[White "Bebchuk,E"]
[Black "Lainburg,V"]
[Result "1-0"]
[WhiteElo "2335"]
[BlackElo "2235"]

1.e4 g6 2.d4 Bg7 3.Nc3 d6 4.Bg5 Nc6 5.Bb5 Bd7 6.Nge2 Nf6 7.Qd2 a6 8.Bxc6 Bxc6
9.f3 d5 10.e5 Ng8 11.O-O f6 12.Bf4 f5 13.h4 e6 14.g3 Qd7 15.b4 a5 16.a3 Ne7
17.Rfb1 axb4 18.axb4 Rxa1 19.Rxa1 b6 20.Kg2 O-O 21.Bg5 Ra8 22.Rb1 Qe8 23.Nf4 Bd7
24.h5 Kf7 25.Rh1 Nc6 26.hxg6+ hxg6 27.Bf6 Bxf6 28.exf6 Kxf6 29.Nfxd5+ exd5
30.Nxd5+  1-0

[Event "Chigorin Mem Open"]
[Site "St Petersburg RUS"]
[Date "2001.10.26"]
[Round "1"]
[White "Frolyanov,D"]
[Black "Inarkiev,E"]
[Result "0-1"]
[WhiteElo "2293"]
[BlackElo "2491"]

1.e4 g6 2.d4 Bg7 3.Nc3 d6 4.Be3 Nd7 5.Qd2 c6 6.f3 b5 7.g4 Nb6 8.b3 a5 9.a4 b4
10.Nce2 h5 11.g5 Qc7 12.f4 e5 13.Nf3 exf4 14.Nxf4 Ne7 15.Bd3 O-O 16.O-O c5
17.c4 bxc3 18.Qxc3 Bg4 19.Qc2 Rac8 20.Rac1 Qb8 21.dxc5 dxc5 22.Ba6 Rc7 23.h3 Bc8
24.Bxc8 Rcxc8 25.Qf2 Nd7 26.Rfd1 Qb7 27.Nd5 Rfe8 28.Nc3 Rc6 29.Nb5 Nc8 30.Nd2 Nd6
31.Nxd6 Rxd6 32.Rf1 Ne5 33.Nc4 Rde6 34.Nxe5 Rxe5 35.Rxc5 Rxe4 36.Qg2 Qxb3
37.Bf2 Qxa4 38.Rc7 Qb3 39.Bc5 Re2 40.Qf3 Qxf3 41.Rxf3 Rc2 42.Rfxf7 Re1+ 43.Rf1 Bd4+  0-1

[Event "Frauen Bundesliga 2001-2"]
[Site "GER"]
[Date "2001.10.27"]
[Round "1"]
[White "Heymann,U"]
[Black "Bosboom Lanchava,T"]
[Result "0-1"]
[WhiteElo "2148"]
[BlackElo "2342"]

1.e4 g6 2.d4 Bg7 3.Nc3 d6 4.Be3 a6 5.Qd2 b5 6.a4 b4 7.Nd1 a5 8.f3 Nd7 9.h4 h6
10.Nf2 e6 11.Bb5 Ne7 12.Ne2 c6 13.Bd3 d5 14.Nf4 e5 15.dxe5 Nxe5 16.O-O-O d4
17.Be2 c5 18.N4h3 Bxh3 19.Nxh3 dxe3 20.Bb5+ N5c6 21.Qxe3 Qb6 22.Kb1 O-O 23.h5 Nd4
24.Bc4 Qf6 25.f4 Nxc2 26.Qc1 b3 27.e5 Qc6 28.Bb5 Qe4 29.Nf2 Na3+ 30.Ka1 Qc2
31.Rd7 Qxf2 32.Rxe7 Nxb5 33.hxg6 Qd4  0-1

[Event "Jonsson Mem Open"]
[Site "Reykjavik ISL"]
[Date "2001.10.28"]
[Round "5"]
[White "Thorhallsson,G"]
[Black "Baldursson,Hr"]
[Result "1-0"]
[WhiteElo "2279"]
[BlackElo "2129"]

1.e4 d6 2.d4 g6 3.Nc3 Bg7 4.h3 Nf6 5.Nf3 O-O 6.Be2 c5 7.O-O cxd4 8.Nxd4 Nc6
9.Be3 Bd7 10.Qd2 Rc8 11.Rad1 Ne5 12.f4 Nc4 13.Bxc4 Rxc4 14.e5 Ne8 15.Nf3 Bc6
16.Bxa7 b6 17.Qe3 Rc5 18.b4 Bxf3 19.bxc5 Bxd1 20.cxb6 Nc7 21.bxc7 Qxc7 22.Rxd1 dxe5
23.fxe5 Bxe5 24.Nd5 Qd6 25.Bc5 Qe6 26.Nxe7+ Kg7 27.Qxe5+ Qxe5 28.Bd4 Qxd4+
29.Rxd4 Ra8 30.a4 f5 31.Nc6  1-0

[Event "Chigorin Mem Open"]
[Site "St Petersburg RUS"]
[Date "2001.10.31"]
[Round "6"]
[White "Malysheva,P"]
[Black "Kovanova,B"]
[Result "1-0"]
[WhiteElo "2094"]
[BlackElo "2145"]

1.e4 d6 2.d4 g6 3.Nc3 Bg7 4.f4 Nf6 5.Nf3 O-O 6.Bd3 Nbd7 7.e5 Ne8 8.Qe2 Kh8
9.h4 c5 10.h5 cxd4 11.hxg6 dxe5 12.Nxe5 Nxe5 13.Rxh7+ Kg8 14.fxe5 dxc3 15.Qh5 fxg6
16.Bxg6 Rf5 17.Rh8+  1-0

[Event "Jonsson Mem Open"]
[Site "Reykjavik ISL"]
[Date "2001.11.01"]
[Round "9"]
[White "Halldorsson,H"]
[Black "Baldursson,Hr"]
[Result "1-0"]
[WhiteElo "2103"]
[BlackElo "2129"]

1.e4 d6 2.d4 g6 3.Nc3 Bg7 4.Bc4 Nf6 5.Nf3 O-O 6.h3 Nxe4 7.Bxf7+ Rxf7 8.Nxe4 Nc6
9.c3 e5 10.dxe5 Nxe5 11.Nxe5 Bxe5 12.Qb3 Qh4 13.Ng5 Qxf2+ 14.Kd1 d5 15.Qxd5 Bxh3
16.Rxh3 Rf8 17.Nxf7 Rxf7 18.Be3 Qf1+ 19.Kc2 Qf5+ 20.Qd3 Qg4 21.Qd8+ Rf8 22.Qd5+ Rf7
23.Kb3 c6 24.Qxe5 b5 25.Bd4 Kf8 26.Qb8+ Ke7 27.Re1+ Kd7 28.Qe8+ Kd6 29.Qxf7 c5
30.Qf6+ Qe6+  1-0

[Event "FSIM November"]
[Site "Budapest HUN"]
[Date "2001.11.04"]
[Round "2"]
[White "Tian Tian"]
[Black "Biro,D"]
[Result "1-0"]
[WhiteElo "2355"]
[BlackElo "2243"]

1.e4 g6 2.d4 Bg7 3.Nc3 d6 4.Be3 Nf6 5.f3 c6 6.a4 Nbd7 7.Qd2 e5 8.Nge2 O-O
9.Bh6 Nxe4 10.Nxe4 Qh4+ 11.g3 Qxh6 12.Qxh6 Bxh6 13.Nxd6 exd4 14.Nxd4 Be3
15.Rd1 Ne5 16.Ke2 Bh6 17.b3 c5 18.N4b5 Bd7 19.Rd5 Bg7 20.Rxc5 Bc6 21.Nd4 Nd7
22.Rxc6 bxc6 23.Nxc6 Ne5 24.Ne7+ Kh8 25.f4 Nd7 26.Kf3 Bc3 27.Nd5 Bd4 28.Bc4 Bc5
29.Ne4 Bb6 30.b4 f5 31.Ng5 Nf6 32.a5 Bd8 33.Ne6 Rf7 34.Re1 Ne4 35.Bd3 Nf6
36.Ng5 Rf8 37.Bc4 Nxd5 38.Bxd5 Rc8 39.Ne6 Rc3+ 40.Re3 Rxe3+ 41.Kxe3 Re8 42.Kd3 Be7
43.b5 Rb8 44.c4 Bb4 45.a6 Be1 46.Kd4 Bf2+ 47.Ke5 Rb6 48.Bc6  1-0

[Event "FSIM November"]
[Site "Budapest HUN"]
[Date "2001.11.06"]
[Round "4"]
[White "Rajlich,V"]
[Black "Biro,D"]
[Result "1-0"]
[WhiteElo "2257"]
[BlackElo "2243"]

1.e4 g6 2.d4 Bg7 3.Nc3 d6 4.f4 Nf6 5.Nf3 O-O 6.Bd3 Na6 7.O-O c5 8.d5 Rb8
9.Qe2 Nc7 10.a4 a6 11.a5 e6 12.dxe6 fxe6 13.e5 Nfd5 14.Ne4 dxe5 15.fxe5 Nf4
16.Bxf4 Rxf4 17.Qe3 Nd5 18.Qxc5 Bd7 19.Nd6 Bf8 20.Rae1 Rc8 21.Qa7 Qxa5 22.Qxb7 Qc5+
23.Rf2 Rf7 24.Qxc8 Ne3 25.Rxe3  1-0

[Event "EuTChw"]
[Site "Leon ESP"]
[Date "2001.11.06"]
[Round "1"]
[White "Puuska,H"]
[Black "Bosboom Lanchava,T"]
[Result "0-1"]
[WhiteElo "2070"]
[BlackElo "2342"]

1.d4 g6 2.e4 Bg7 3.Nc3 d6 4.Be3 a6 5.Qd2 b5 6.Bd3 Nd7 7.Nce2 c5 8.c3 Bb7
9.Ng3 Qa5 10.Nf3 Ngf6 11.b4 cxb4 12.cxb4 Qd8 13.Bh6 Bxh6 14.Qxh6 e5 15.O-O Qe7
16.a4 bxa4 17.Rxa4 Ng4 18.Qd2 exd4 19.Nxd4 Nge5 20.Be2 O-O 21.f4 Nb6 22.fxe5 Nxa4
23.Ndf5 gxf5 24.Nxf5 Qxe5 25.Nh6+ Kh8 26.Rf5 Qxe4 27.Bd3 Qd4+ 28.Kh1 Be4  0-1

[Event "VI IM"]
[Site "Rijeka CRO"]
[Date "2001.11.06"]
[Round "3"]
[White "Dumpor,A"]
[Black "Loncar,R"]
[Result "1/2-1/2"]
[WhiteElo "2325"]
[BlackElo "2458"]

1.e4 g6 2.d4 Bg7 3.Nc3 d6 4.Nf3 Nf6 5.Be2 O-O 6.O-O a6 7.Bg5 h6 8.Bh4 Nc6
9.h3 e6 10.Re1 b5 11.a3 Qe8 12.Qd2 Nd7 13.Rad1 Bb7 14.d5 Ne7 15.Nd4 e5 16.Nb3 f5
17.Na5 Bc8 18.exf5 Nxf5 19.Bg3 Nf6 20.Bf3 Nd4 21.Be4 Bxh3 22.Nc6 Bg4 23.Nxd4 exd4
24.Qxd4 Nxe4 25.Qd3 Bxd1 26.Rxe4 Qd7 27.Nxd1 Rae8 28.Rb4 Re1+ 29.Kh2 Rf5
30.Rh4 Qf7 31.Ne3 Rg5 32.f4 Rxg3 33.Kxg3 Qe7 34.Ng4 h5 35.Qxg6 hxg4 36.Qh5 Bf6
37.Qf5  1/2-1/2

[Event "EuTChw"]
[Site "Leon ESP"]
[Date "2001.11.07"]
[Round "2"]
[White "Shukurova,M"]
[Black "Ramseier,Ja"]
[Result "1-0"]
[WhiteElo "2264"]
[BlackElo "2181"]

1.e4 g6 2.d4 Bg7 3.Nc3 d6 4.f4 c6 5.Nf3 Bg4 6.Be3 Qb6 7.Na4 Qa5+ 8.Nc3 Qb6
9.Qd2 Nd7 10.Na4 Qc7 11.Be2 Ngf6 12.Nc3 O-O 13.h3 Bxf3 14.Bxf3 Nb6 15.b3 e5
16.O-O Rfe8 17.f5 Nfd7 18.Rad1 exd4 19.Bxd4 Ne5 20.Be3 Nxf3+ 21.Rxf3 Be5
22.Bd4 Qe7 23.Bxe5 dxe5 24.Rd3 Qh4 25.a4 gxf5 26.exf5 e4 27.Rd4 c5 28.Rd6 e3
29.Qe2 Re5 30.a5 Nc8 31.Rd8+ Kg7 32.Nb5 Nb6 33.R8d6 Nc8 34.f6+ Kh6 35.R6d3 Qxf6
36.Rxe3 Rg5 37.Re8 a6 38.Nd6 Nxd6 39.Rxa8 Nf5 40.Qf2 Qg6 41.Rad8 Nd4 42.c3 Ne6
43.R8d7 Rf5 44.Qh4+ Kg7 45.Rf1 Rxf1+ 46.Kxf1 Qb1+ 47.Qe1 Qf5+ 48.Kg1 Nf4
49.Qg3+ Kf8 50.Qg4 Ne2+ 51.Kh2 Qe5+ 52.g3 Qe8 53.Rd2 Nxc3 54.Qf5 Nb5 55.Qxc5+  1-0

[Event "VII Sreiber Mem"]
[Site "Subotica YUG"]
[Date "2001.11.07"]
[Round "3"]
[White "Savic,Mio1"]
[Black "Badea,B"]
[Result "1/2-1/2"]
[WhiteElo "2464"]
[BlackElo "2530"]

1.e4 g6 2.d4 Bg7 3.Nc3 d6 4.Be3 a6 5.Qd2 b5 6.f3 Nd7 7.Nge2 Bb7 8.a4 b4 9.Nd1 a5
10.Nc1 c6 11.c3 bxc3 12.bxc3 Qc7 13.Rb1 Ngf6 14.Bh6 O-O 15.h4 e5 16.h5 d5
17.Bxg7 Kxg7 18.hxg6 fxg6 19.Qh6+ Kg8 20.Nf2 Rae8 21.Bd3 c5 22.Ne2 exd4 23.cxd4 cxd4
24.exd5 Ne5 25.Bb5 Re7 26.O-O Nxd5 27.Nxd4 Nf4 28.Rbc1 Qb6 29.Rfd1 Ref7 30.Qg5 Rf5
31.Qe7 R8f7 32.Qe8+ Rf8  1/2-1/2

[Event "EuTChw"]
[Site "Leon ESP"]
[Date "2001.11.09"]
[Round "4"]
[White "Ambrosi,E"]
[Black "Ramseier,Ja"]
[Result "1/2-1/2"]
[WhiteElo "2095"]
[BlackElo "2181"]

1.e4 g6 2.d4 Bg7 3.Nc3 d6 4.f4 c6 5.a4 a5 6.Nf3 Bg4 7.Be2 Qb6 8.e5 d5 9.Ng5 Bxe2
10.Nxe2 e6 11.c3 h5 12.Qc2 Ne7 13.Be3 Na6 14.Rb1 Nf5 15.Bf2 Bf8 16.O-O Be7
17.Nf3 Qc7 18.Rfc1 O-O 19.Ne1 Rfc8 20.Nd3 c5 21.Qd2 c4 22.Ne1 Qd7 23.Qd1 Rab8
24.Ng3 b5 25.axb5 Rxb5 26.Nxf5 exf5 27.Ra1 Rcb8 28.Ra2 Bd8 29.Rb1 Rb3 30.Nf3 R3b5
31.Bh4 Nc7 32.Bxd8 Qxd8 33.Ng5 R8b6 34.Qc1 Qb8 35.Qc2 a4 36.Rba1 Rb3 37.h3 Kg7
38.Ra3 Rxa3 39.Rxa3 Rb3 40.Ra2 Ne6 41.Nxe6+ fxe6 42.Qd2 Qb5 43.Qc2 Qa6 44.Qc1 Rb7
45.Qc2 Ra7 46.Kh2 Qb5 47.Qc1 Qb3 48.Ra3 Qb5 49.Ra2 Rb7 50.Qa1 Ra7 51.Qc1 Kf7
52.Kg3 Ke8 53.Kh4 Qd7 54.Kg3 Kd8 55.Ra1 Kc7 56.h4 Kb6 57.Qc2 Qb5 58.Ra3 Ka5
59.Ra2 Rb7 60.Qc1 Qb3 61.Qa1 Kb5 62.Kh3 Ra7 63.Ra3 Qc2 64.Ra2 Qe2 65.g3 Qg4+
66.Kg2 g5 67.fxg5 f4 68.Qe1 Rf7 69.Qf2 Rf5 70.Qf3 Qxf3+ 71.Kxf3 fxg3+ 72.Kxg3 Rf1
73.Kg2 Rf4 74.Kg3 Rf1 75.Kg2  1/2-1/2

[Event "FSIM November"]
[Site "Budapest HUN"]
[Date "2001.11.11"]
[Round "9"]
[White "Rajlich,V"]
[Black "Resika,N"]
[Result "1-0"]
[WhiteElo "2257"]
[BlackElo "2182"]

1.d4 g6 2.e4 d6 3.Nc3 Bg7 4.f4 Nf6 5.Nf3 c5 6.Bb5+ Bd7 7.e5 Ng4 8.e6 fxe6
9.Ng5 Bxb5 10.Nxb5 Qa5+ 11.Bd2 Qxb5 12.Nxe6 Qxb2 13.Rb1 Qxa2 14.Nxg7+ Kf7
15.O-O Nf6 16.Re1 cxd4 17.Rxb7 Nc6 18.Ne6 Rhb8 19.Rc7 Rc8 20.Qf3 Qd5 21.Qh3 Qf5
22.Qh6 Qxe6 23.Rxe6 Rxc7 24.f5 Rb8 25.g4 Rg8 26.Bg5 gxf5 27.Rxf6+ exf6 28.Qxf6+ Ke8
29.Qxf5 Ne7 30.Qb5+ Kf7 31.h4 h6 32.Qb3+ Ke8 33.Qb8+ Rc8 34.Qb5+ Kf7 35.Qf1+ Ke8
36.Qb5+ Kf7 37.Bxe7 Rxg4+ 38.Kh1 Kxe7 39.Qe2+  1-0

[Event "EuTChw"]
[Site "Leon ESP"]
[Date "2001.11.11"]
[Round "6"]
[White "Nikoladze,S"]
[Black "Bosboom Lanchava,T"]
[Result "0-1"]
[WhiteElo "2231"]
[BlackElo "2342"]

1.d4 g6 2.e4 Bg7 3.Nc3 d6 4.Nge2 Nf6 5.g3 O-O 6.Bg2 Nc6 7.O-O e5 8.dxe5 Nxe5
9.h3 Rb8 10.a4 b6 11.g4 Bb7 12.Bf4 Re8 13.Ng3 Qe7 14.Qe2 a6 15.Rad1 b5 16.Bc1 b4
17.Nd5 Nxd5 18.exd5 Nd7 19.Qc4 Nb6 20.Qxb4 Bxd5 21.Bxd5 Nxd5 22.Qa5 Nb6 23.b3 Ra8
24.Be3 Reb8 25.Rfe1 Qd7 26.Bd4 Bxd4 27.Rxd4 Qc6 28.Qd2 Nd7 29.Rc4 Qb7 30.f4 Re8
31.g5 Nc5 32.b4 Rxe1+ 33.Qxe1 Qd5 34.Qe2 Ne6 35.Ne4 Qf5 36.Qf3 Rd8 37.Kh2 d5
38.Ng3 Nxg5 39.Qg2 Qd7 40.Nh5 Qe7 41.Rc6 Ne4 42.c3 Kf8 43.Ng3 Nxg3 44.Kxg3 d4
45.Qd2 dxc3 46.Qxc3 Kg8 47.Rxc7 Qe6 48.Rc5 h5 49.b5 axb5 50.axb5 Kh7 51.Re5 Qd6
52.Qb3 Rd7 53.b6 Qd2 54.Re3 Qc1 55.Rc3 Qe1+ 56.Kf3 h4 57.Re3 Qg3+ 58.Ke2 Qg2+
59.Ke1 Qh1+ 60.Ke2 Qh2+ 61.Ke1 Qxf4 62.Re2 Rd6 63.Re3 Rd7 64.Re2 Qd4 65.Kf1 Rb7
66.Rf2 Kg8 67.Qf3 Qxb6 68.Qf4 Qd8 69.Rd2 Qe7 70.Kg2 Rb5 71.Rf2 Qb7+ 72.Kh2 Rb4
73.Qf6 Qc7+ 74.Kg2 Qg3+ 75.Kf1 Qxh3+ 76.Ke1 Qe3+ 77.Kd1 Rd4+ 78.Kc2 Qd3+
79.Kb2 Rb4+  0-1

[Event "EuTChw"]
[Site "Leon ESP"]
[Date "2001.11.11"]
[Round "6"]
[White "Gjergji,R"]
[Black "Ramseier,Ja"]
[Result "0-1"]
[WhiteElo "2026"]
[BlackElo "2181"]

1.e4 g6 2.d4 Bg7 3.Nc3 d6 4.Be3 c6 5.Qd2 Nf6 6.f3 b5 7.a4 b4 8.Na2 a5 9.c3 bxc3
10.Qxc3 O-O 11.Rc1 Be6 12.Qa3 Bxa2 13.Qxa2 Na6 14.Bxa6 Rxa6 15.Ne2 Qa8 16.O-O Rb8
17.Rc2 Rab6 18.Rb1 Qa6 19.Kf2 Nd7 20.Nc3 Rb4 21.d5 Nc5 22.Bxc5 dxc5 23.Ne2 Qd3
24.b3 cxd5 25.Rd2 Rxa4 26.bxa4 Qxb1 27.Qxb1 Rxb1 28.Rxd5 Rb4 29.Rd8+ Bf8
30.Nc3 Rc4 31.Nd5 Rxa4 32.Nxe7+ Kg7 33.Nc6 Ra2+ 34.Ke3 Rxg2 35.Nxa5 Rxh2
36.Rc8 Be7 37.Nb3 Bg5+ 38.Kd3 Rf2 39.Rxc5 Rxf3+ 40.Kc4 Bf4 41.Nd4 Rf1 42.Kd5 Rd1  0-1

[Event "VII Sreiber Mem"]
[Site "Subotica YUG"]
[Date "2001.11.12"]
[Round "7"]
[White "Benkovic,P"]
[Black "Badea,B"]
[Result "1/2-1/2"]
[WhiteElo "2413"]
[BlackElo "2530"]

1.d4 d6 2.e4 g6 3.Nc3 Bg7 4.Nf3 c6 5.a4 Nf6 6.g3 O-O 7.Bg2 Nbd7 8.O-O e5
9.Re1 Qc7 10.h3 b6 11.Be3 a6  1/2-1/2

[Event "EuTChw"]
[Site "Leon ESP"]
[Date "2001.11.15"]
[Round "9"]
[White "Makropoulou,M"]
[Black "Voiska,M"]
[Result "1/2-1/2"]
[WhiteElo "2315"]
[BlackElo "2280"]

1.e4 d6 2.d4 g6 3.Nc3 Bg7 4.Be3 Nd7 5.f4 a6 6.Nf3 b5 7.Bd3 Bb7 8.O-O c5 9.dxc5 Nxc5
10.Bxc5 dxc5 11.e5 Qb6 12.Kh1 Nh6 13.Qe2 O-O 14.a4 c4 15.Be4 Bxe4 16.Qxe4 Rad8
17.axb5 axb5 18.h3 Nf5 19.Kh2 e6 20.Qe2 Qe3 21.Qxe3 Nxe3 22.Rfc1 b4 23.Ne4 Ra8
24.Nd4 h6 25.g3 g5 26.c3 bxc3 27.bxc3 Nd5 28.fxg5 Bxe5 29.gxh6 Rxa1 30.Rxa1 Nxc3
31.Nf3 Nxe4 32.Nxe5 c3 33.Rc1 Rd8 34.Kg2 f6 35.Nf3 Kh7 36.Ne1 Kxh6 37.Kf3 f5
38.g4 Rd2 39.gxf5 exf5 40.Kf4 Rf2+ 41.Ke5 Rf1 42.Kd4 Rh1 43.Ra1 Rxh3 44.Ke5 Kg5
45.Nc2 Rd3 46.Nb4 Rf3 47.Ra7 Nf2 48.Rg7+ Kh4 49.Nc2 Ng4+ 50.Kd4 f4 51.Rc7 Kg3
52.Ne1 Re3 53.Rxc3 Rxc3 54.Kxc3 Ne5 55.Kc2 Kf2 56.Kd1 Kf1 57.Kd2 Nc4+ 58.Kd1 Nb2+
59.Kd2 Kf2 60.Nc2 Nc4+ 61.Kd3 Ne3 62.Nd4  1/2-1/2

[Event "EuTChw"]
[Site "Leon ESP"]
[Date "2001.11.15"]
[Round "9"]
[White "Stoilkovska,S"]
[Black "Ramseier,Ja"]
[Result "0-1"]
[WhiteElo "2040"]
[BlackElo "2181"]

1.e4 g6 2.d4 Bg7 3.Nc3 d6 4.Bg5 c6 5.Qd2 Nf6 6.f4 b5 7.Bd3 Qb6 8.Nce2 Nbd7
9.Nf3 Bb7 10.e5 dxe5 11.fxe5 Ng8 12.Be3 Qc7 13.e6 fxe6 14.Ng5 Nf8 15.O-O Nf6
16.Nf4 Bc8 17.c4 bxc4 18.Bxc4 Nd5 19.Nf7 Rg8 20.Nd3 Bf6 21.Nfe5 Nd7 22.Ng4 N7b6
23.Bb3 Ba6 24.Rf2 Bxd3 25.Qxd3 Qd6 26.Re1 O-O-O 27.a4 Qb4 28.Nxf6 Qxe1+ 29.Rf1 Qxe3+
30.Qxe3 Nxe3 31.Bxe6+ Kc7 32.Nxg8 Nxf1 33.Kxf1 Rxd4 34.a5 Nd5 35.Bxd5 Rxd5
36.Nxe7 Rxa5 37.g4 Kd6 38.Ng8 Ke6 39.h4 Ra4 40.Nh6 Rb4  0-1

[Event "VII Sreiber Mem"]
[Site "Subotica YUG"]
[Date "2001.11.16"]
[Round "11"]
[White "Buljovcic,I"]
[Black "Badea,B"]
[Result "1/2-1/2"]
[WhiteElo "2374"]
[BlackElo "2530"]

1.e4 g6 2.d4 Bg7 3.Nc3 d6 4.Bc4 e6 5.Nf3 a6 6.Bg5 Ne7 7.a4 b6 8.Qd2 h6 9.Be3 Bb7
10.O-O Nd7 11.h3 g5 12.Nh2 Ng6 13.Bd3 c5 14.Ne2 cxd4 15.Bxd4 Bxd4 16.Nxd4 Qc7
17.Ne2 Nf6 18.Ng3 Rd8 19.Ra3 Nf4 20.Rc3 Qb8 21.Rb3 Nd7 22.Qc3 Ke7 23.Re1 f6
24.Bf1 Rc8 25.Qd2 Rc5 26.Rbe3 Qc7 27.c4 Ne5 28.b3 a5 29.Nf3 Nxf3+ 30.Rxf3 Re5
31.Rfe3 h5 32.Ne2 Nxe2+ 33.Qxe2 Qc5 34.Kh2 Qb4 35.Kg1 Rc5 36.g3 h4 37.g4 Rc7
38.Bg2 Qc5 39.Rf1 Qe5 40.Qd2 Rd8 41.Rd1 Rcd7  1/2-1/2

[Event "TCh-FIN 2001-02"]
[Site "FIN"]
[Date "2001.11.17"]
[Round "4"]
[White "Ristoja,T"]
[Black "Lehtinen,H"]
[Result "0-1"]
[WhiteElo "2232"]
[BlackElo "2351"]

1.e4 g6 2.d4 Bg7 3.Nc3 d6 4.Nf3 c6 5.a4 Nf6 6.Be2 O-O 7.O-O Nbd7 8.Re1 Qc7
9.Bf1 e5 10.a5 Re8 11.d5 a6 12.Nd2 b5 13.axb6 Nxb6 14.dxc6 Qxc6 15.Nb3 d5
16.Na5 Qc5 17.exd5 Nbxd5 18.Nxd5 Nxd5 19.c4 Nb4 20.Be3 Qe7 21.c5 Bf5 22.Rc1 Qc7
23.Nc4 Red8 24.Nd6 Nc2 25.Rxc2 Bxc2 26.Qc1 Bb3 27.Bg5 Rf8 28.h4 f6 29.Be3 f5
30.Bg5 f4 31.Qc3 Bd5 32.Rxe5 Rae8 33.Bxf4 Re7 34.Bc4 Rxf4 35.Bxd5+ Kh8 36.Rxe7 Qxe7
37.Qd2 Rf8 38.Ne4 Be5 39.g3 Rd8 40.b4 Qd7 41.Nd6 Bxd6 42.Qd4+ Qg7 43.Qxg7+ Kxg7
44.cxd6 Rxd6 45.Bc4 Kf6 46.f4 Kf5 47.Kf2 Ke4 48.Ke2 Kd4 49.Bg8 h6 50.Kf3 Rb6
51.Bf7 Rxb4 52.Bxg6 a5 53.Bf7 a4 54.h5 a3 55.g4 Rc4  0-1

[Event "TCh-CZE 2001-2"]
[Site "CZE"]
[Date "2001.11.18"]
[Round "3"]
[White "Jakubiec,A"]
[Black "Cicak,S"]
[Result "1/2-1/2"]
[WhiteElo "2518"]
[BlackElo "2545"]

1.e4 g6 2.Nc3 Bg7 3.d4 d6 4.f4 a6 5.Be2 Nd7 6.Be3 e5 7.Nf3 Ne7 8.Qd2 exd4
9.Bxd4 Nf6 10.O-O-O O-O 11.e5 dxe5 12.fxe5 Ng4 13.Qe1 Qe8 14.h3 Bh6+ 15.Kb1 Ne3
16.Ne4 Qc6 17.Bxe3 Bxe3 18.Bd3 Bh6 19.Nd4 Qb6 20.Qh4 Bg7 21.Nf6+ Bxf6 22.exf6 Nd5
23.Rhf1 Nc3+ 24.Kc1 Nxa2+ 25.Kb1 Nc3+ 26.Kc1 Na2+  1/2-1/2

[Event "sf ch-NED"]
[Site "Leeuwarden NED"]
[Date "2001.11.18"]
[Round "1.2"]
[White "Solleveld,Maa"]
[Black "Hommeles,T"]
[Result "1-0"]
[WhiteElo "2413"]
[BlackElo "2403"]

1.e4 g6 2.d4 Bg7 3.Nc3 d6 4.f4 a6 5.Nf3 b5 6.Bd3 Bb7 7.Qe2 Nd7 8.e5 c5 9.Ng5 Nh6
10.e6 Nf8 11.Bxb5+  1-0

[Event "ch-NR"]
[Site "Novosibirsk RUS"]
[Date "2001.11.18"]
[Round "6"]
[White "Maletin,P"]
[Black "Kazakov,P"]
[Result "1/2-1/2"]
[WhiteElo "2296"]
[BlackElo "2329"]

1.e4 g6 2.d4 Bg7 3.Nc3 d6 4.Nge2 Nf6 5.g3 Nbd7 6.Bg2 O-O 7.O-O c6 8.a4 a5
9.h3 e5 10.Be3 Re8 11.Re1 Qc7 12.Qd2 exd4 13.Nxd4 Nc5 14.Bf4 Nh5 15.Bh6 Bh8
16.Rad1 Qb6 17.b3 Be6 18.Be3 Rad8 19.Bg5 Rc8 20.g4 Nf6 21.Nxe6 Nxe6 22.Be3 Qb4
23.Ne2 Qxd2 24.Rxd2 d5 25.exd5 Nxd5 26.Bxd5 cxd5 27.Red1 d4  1/2-1/2

[Event "Open A"]
[Site "Genova ITA"]
[Date "2001.11.21"]
[Round "3"]
[White "Di Paolo,R"]
[Black "Lazic,Mi"]
[Result "1-0"]
[WhiteElo "2326"]
[BlackElo "2449"]

1.e4 g6 2.d4 Bg7 3.Nc3 d6 4.Nf3 Nd7 5.Be3 e6 6.Qd2 h6 7.h3 Ne7 8.Be2 f5 9.exf5 Nxf5
10.Bd3 Qf6 11.O-O Qf7 12.Rae1 Nf6 13.Bf4 Ne7 14.Nb5 Kd8 15.Bxd6 cxd6 16.Nxd6 Qf8
17.Ne5 Kc7 18.Nb5+ Kd8 19.c4 Nd7 20.Be4 Bxe5 21.dxe5 Nc6 22.Bxc6 bxc6 23.Nd4 Ke7
24.Re3 Bb7 25.Rd1 Qc8 26.Nxe6 Kxe6 27.Qd6+ Kf7 28.e6+ Kg8 29.exd7 Qf8 30.Qxg6+  1-0